000 00593nam a2200193 a 4500
005 20230616063520.0
008 991125s1941 mx 000 0 spa u
035 _aUPN01000008971
049 _aCG
050 4 _aLB1585.5
_bG3.2
100 1 _aGarcía Wagner, Carlos
245 1 0 _aCómo debe enseñarse la educación física /
_cCarlos García Wagner.
260 _aPuebla :
_b[s.n.],
_c1941.
300 _a[12] h.
500 _aHojas mecanografiadas
500 _aDisponible en la Colección Medina
650 4 _aEducación física
_xEstudio y enseñanza (Elemental)
_911517
905 _aLibro
999 _c8971
_d8971